000 00562nam a2200193 a 4500
001 1766046744172
003 YourLibrary
005 20251222113205.0
008 251218s2001##################000#0#eng##
020 _a9780820452678
082 0 4 _a234.16309519
_bKIM
100 1 _aKim, Dong-Sun,
_eauthor.
245 1 0 _aThe Bread for Today and the Bread for Tomorrow :
260 _bPeter Lang Incorporated, International Academic Publishers,
_c2001.
300 _a288 pages
650 0 _aCooking.
942 _cENGLISH
040 _aYourLibrary
_beng
_cYourLibrary
999 _c603956
_d603956